Normal view
MARC view
- Stephens, John Mortimer, 1901-
Entry Personal Name
001 - CONTROL NUMBER
- control field: 14535
003 - CONTROL NUMBER IDENTIFIER
- control field: OSt
005 - DATE AND TIME OF LATEST TRANSACTION
- control field: 20110206153112.0
008 - FIXED-LENGTH DATA ELEMENTS
- fixed length control field: 110206|||a|||||| | ||| d
040 ## - CATALOGING SOURCE
- Original cataloging agency: OSt
- Transcribing agency: OSt
100 ## - HEADING--PERSONAL NAME
- Personal name: Stephens, John Mortimer, 1901-
670 ## - SOURCE DATA FOUND
- Source citation: Work cat.: (OSt): Stephens, John Mortimer, 1901-, The psychology of classroom learning , 1965
670 ## - SOURCE DATA FOUND
- Source citation: Work cat.: (OSt): Stephens, John Mortimer, 1901-, The psychology of classroom learning , 1965
